Fast Typing A-Z (IN ORDER) - Statistics

General Stats
  • This quiz has been taken 104 times
  • The average score is 25 of 26
Answer Stats
Answer % Correct
A
100%
B
100%
C
98%
D
95%
E
95%
F
95%
G
95%
H
95%
I
95%
J
95%
K
95%
L
95%
M
95%
N
95%
O
95%
P
95%
Q
95%
R
95%
S
95%
T
95%
U
95%
V
95%
W
93%
X
93%
Y
90%
Z
90%
No matching quizzes found
Score Distribution
Percent of People with Each Score
Percentile by Number Answered
Your Score History
You have not taken this quiz